|
|
|
|
| LEADER |
01187nam a22002537a 4500 |
| 001 |
AAL1169 |
| 003 |
BD-DhAAL |
| 005 |
20160628103746.0 |
| 008 |
160628m19971985bg ||||| |||| 00| 0 ben d |
| 020 |
|
|
|a 9840735101
|
| 040 |
|
|
|a BD-DhAAL
|c BD-DhAAL
|
| 082 |
|
|
|a 920.72/095492
|
| 245 |
|
|
|a বাংলা একাডেমী চরিতাভিধান /
|c সম্পাদনা সেলিনা হোসেন, নূরুল ইসলাম
|
| 250 |
|
|
|a পরিমার্জিত ও পরিবর্ধিত দ্বিতীয় সংস্করন
|
| 260 |
|
|
|a ঢাকা :
|b বাংলা একাডেমী,
|c ১৯৮৫
|
| 300 |
|
|
|a ৪৫৬ পৃ. ;
|b ২২ সে.মি.
|
| 541 |
|
|
|e 1169
|
| 651 |
|
|
|a Bangladesh
|v Dictionaries.
|x Biography
|9 19752
|
| 700 |
|
|
|a হোসেন, সেলিনা
|9 19753
|
| 700 |
|
|
|a ইসলাম, নূরুল
|9 19754
|
| 852 |
|
|
|a Savar Campus Library
|c General Shelf
|
| 942 |
|
|
|2 ddc
|c BK
|
| 999 |
|
|
|c 37637
|d 37637
|
| 952 |
|
|
|0 0
|1 0
|2 ddc
|4 0
|6 920_720000000000000_095492_BAN
|7 0
|9 59197
|a SCL
|b SCL
|c GEN
|d 2016-06-28
|g 200.00
|l 1
|m 5
|o 920.72095492 BAN
|p 3020001169
|r 2022-05-29
|s 2020-03-11
|t 1
|w 2016-06-28
|y BK
|